00555nam a2200169Ia 4500008004100000020001500041041001200056082001700068100001500085245004800100260002900148300000800177650001600185942000700201999001500208952016200223221030s9999 xx 000 0 und d a8172247745 aEnglish a105.23bRoth aC. H. Roth 0aFundamentals of Logic Designcby C. H. Roth bJaico Pub.aMumbaic1999 a770 aBE Computer cBK c5902d5902 pBE 1621g300.00l0o105.23 Rothr2024-06-13 00:00:00w2022-10-30yBK003Print4071aMIETLIBbMIETLIBcBL-Second, FL-1, CUP-22, SH-3, R-3d2000-05-1510HBE